Top 15 Most Hated Presidents - Statistics

General Stats
  • This quiz has been taken 192 times
    129 since last reset
  • The average score is 5 of 10
Answer Stats
Net Favorable President % Correct
-18 George W. Bush
89%
-28 Richard Nixon
77%
+3 Lyndon B. Johnson
64%
-4 James Buchanan
55%
-4 Warren G. Harding
47%
-6 John Tyler
40%
-8 Franklin Pierce
39%
-5 Benjamin Harrison
36%
-8 Millard Fillmore
35%
+4 Martin Van Buren
31%
No matching quizzes found
Score Distribution
Percent of People with Each Score
Percentile by Number Answered
Your Score History
You have not taken this quiz since the last reset